| 000 | 00758na a2200253 4500 | ||
|---|---|---|---|
| 001 | 18882 | ||
| 003 | MIRAKIL | ||
| 005 | 20181213154947.0 | ||
| 008 | 161204b tu 000 0 | ||
| 020 | _a9751907411 | ||
| 035 | _a18882 | ||
| 040 |
_aMilas _btur _cTR-AnCHP |
||
| 041 | _atur | ||
| 082 |
_a320.8 _bE62b 1993 |
||
| 090 | _a320.8 E62b 1993 | ||
| 100 | _aErdumlu, Güngör | ||
| 245 |
_aBüyük şehir belediyeleri araştırması _cGüngör Erdumlu |
||
| 260 |
_aAnkara _bDPT Yayınları _c1993 |
||
| 300 |
_avii, 140 s. _btbl.; _c23 sm. |
||
| 610 | _aDevlet Planlama Teşkilatı (DPT) | ||
| 610 |
_aSosyal Planlama Genel Müdürlüğü _bAraştırma Dairesi Başkanlığı |
||
| 650 |
_aYerel yönetimler _xAraştırmalar |
||
| 942 |
_2ddc _cBKS |
||
| 999 |
_c3914 _d3914 |
||